00516nam a2200157Ia 4500003000900000008004100009040001600050080002200066110003200088245010800120260005400228300001500282650002500297650001900322650001700341IN-BaIIA211028s9999 xx 000 0 eng d cIIA Library a519.682(035)bTUR aIndian institute of Science 0aTurbo Pascal version 2.0 reference manualcIndian institute of Science  aBangalorebDigital Systems and Microprocessor Lab axii, 259p. aComputer Programming aNASA Thesaurus aTurbo Pascal